Districts of South Eastern Afghanistan With a Map - Statistics

General Stats
  • This quiz has been taken 11 times
  • The average score is 5 of 62
Answers on the Map
Answers color-coded by a green-red scale on the quiz's map according to % correct below.
 
Answer Stats
Province District % Correct
Ghazni Ghazni
40%
Khost Khost
40%
Ghazni Nawur
40%
Ghazni Ab Band
20%
Paktia Ahmadabad
20%
Ghazni Ajristan
20%
Khost Bak
20%
Ghazni Dih Yak
20%
Ghazni Gelan
20%
Ghazni Giro
20%
Ghazni Jaghatu
20%
Ghazni Jaghori
20%
Ghazni Khwaja Umari
20%
Ghazni Malestan
20%
Ghazni Muqur
20%
Ghazni Nawa
20%
Ghazni Qarabagh
20%
Ghazni Rashidan
20%
Ghazni Waghaz
20%
Ghazni Zana Khan
20%
Ghazni Andar
0%
Paktika Barmal
0%
Paktia Dand wa Patan
0%
Paktika Dila
0%
Paktia Gardez
0%
Paktika Gayan
0%
Paktika Gomal
0%
Khost Gurbuz
0%
Paktia Janikhel
0%
Paktika Janikhel
0%
Ghazni Khogyani
0%
Paktia Lazha Ahmadkhel
0%
Khost Mandozayi
0%
Paktika Mata Khan
0%
Khost Musakhel
0%
Khost Nadir Shah Kot
0%
Paktika Nika
0%
Paktika Omna
0%
Khost Qalandar
0%
Khost Sabari
0%
Paktia Said Karam
0%
Paktika Sar Hawza
0%
Khost Shamal
0%
Paktika Sharana
0%
Paktia Shwak
0%
Khost Spera
0%
Paktika Surobi
0%
Khost Tani
0%
Paktika Terwa
0%
Khost Tirazayi
0%
Paktia Tsamkani
0%
Paktika Urgun
0%
Paktika Waza Khwa
0%
Paktika Wor Mamay
0%
Paktika Yahyakhel
0%
Paktika Yusufkhel
0%
Paktia Zadran
0%
Paktika Zarghun Shar
0%
Paktia Zazi
0%
Khost Zazi Maidan
0%
Paktika Ziruk
0%
Paktia Zurmat
0%
No matching quizzes found
Score Distribution
Percent of People with Each Score
Percentile by Number Answered
Your Score History
You have not taken this quiz